000 00812cab a2200265 4500
001 WB2935-11
008 090401t1993 xxu||||| |||| 00| 0 eng d
035 _a(Sirsi) u31163
041 _aeng
245 _aWarehouse clubs will win sales
260 _c1993
350 _a0
490 _aIndependent
_v20 September 1993, 22(1)
520 _aVerdict Research predicts that warehouse clubs will take about 2% of the British retail market, although no single retailer will especially lose out through the competition.
650 _aCOSTCO
650 _aDISCOUNT STORES
650 _aRETAILING
650 _aSUPERMARKETS
650 _aUSA
650 _aVERDICT RESEARCH
650 _aWAREHOUSE CLUBS
690 _aPROPERTY-COMMERCIAL PROPERTY-RETAIL PROPERTY
942 _n0
948 _c04/03/1997
999 _c20933
_d20933